Teologický odkaz Augsburského vyznania dnes

Bibliographic Details
Main Author: Valčo, Michal, 1976- (Author)
Format: Article
Language:Slovak
Subjects:

MARC

LEADER 00000nab a2200000 a 4500
001 vtls008424469
003 SK-MaSNL
005 20260304143450.0
008 250505c2005 xo mr|p|||||||000 b|slo
015 |a SNBRB2006/01  |2 snkbucl 
035 |a (uuid)cdce01cd-3655-46b8-8b61-1237739fd7cf 
035 |a urn:nbn:sk:snk-abesgp 
035 |a (urnnbn)urn:nbn:sk:snk:ar-a08vbc 
038 |a SNKBUCL 
040 |a SNKBUCL  |b slo  |c SNKBUCL  |e AACR2 
041 0 |a slo 
044 |a xo  |c SK 
080 |a 284.1  |2 1997 
100 1 |a Valčo, Michal,  |d 1976-  |4 aut  |9 206777 
245 1 0 |a Teologický odkaz Augsburského vyznania dnes  |c Michal Valčo 
630 0 7 |a Augsburské vyznanie  |x súčasný teologický odkaz  |2 snkbucl  |9 1464416 
773 0 |t Cirkevné listy  |g Roč. CXXIX, č. 10 (2005), s. 6-10  |x 0139-9217 
850 |a Slovenská národná knižnica 
852 |a Slovenská národná knižnica 
954 |a odborná, vedecká literatúra pôvodná (slovenská)  |2 lita 
958 |a article2022 
958 |a OND 
958 |a EUIPO 
999 |c 2925521  |d 2927451